Normal view
MARC view
Entry Topical Term
001 - CONTROL NUMBER
- control field: 27883
003 - CONTROL NUMBER IDENTIFIER
- control field:
005 - DATE AND TIME OF LATEST TRANSACTION
- control field: 20230830144958.0
008 - FIXED-LENGTH DATA ELEMENTS
- fixed length control field: 230830|| aca||aabn | a|a d
040 ## - CATALOGING SOURCE
- Original cataloging agency:
- Transcribing agency:
150 ## - HEADING--TOPICAL TERM
- Topical term or geographic name entry element: Sociology
- Form subdivision: Nigeria
- General subdivision: Periodical
670 ## - SOURCE DATA FOUND
- Source citation: Work cat.: ()14105: STATE and Society vol. 1 No. 1. March, 2009 /, 2009
